| 000 | 00520cam a22002051a 4500 | ||
|---|---|---|---|
| 001 | he 65000229 | ||
| 003 | DLC | ||
| 005 | 20260227111428.0 | ||
| 008 | 930512s1964 is a 000 0 heb | ||
| 010 | _ahe 65000229 | ||
| 035 | _a(OCoLC)28097483 | ||
| 040 |
_aDLC _cCLU _dDLC |
||
| 042 | _apremarc | ||
| 050 | 0 | 0 |
_aPZ90.H3 _bD39 |
| 100 | 1 | _aDeshe, Mikhaʼel. | |
| 245 | 1 | 0 |
_aRon mi-Shomron : _bsipur li-yeladim. |
| 260 |
_aTel Aviv : _bYavneh, _c[1964] |
||
| 300 |
_a197 p. : _bill. ; _c25 cm. |
||
| 500 | _aVocalized. | ||
| 999 |
_c30915 _d30915 |
||